00442nam a2200181Ia 4500008004100000020001800041050001400059100001800073245002200091245004700113260001500160260001600175260000900191300001500200300002700215300001000242500000800252170918s9999 xx 000 0 und d a9780439597807 bD314 2003 aDefoe, Daniel aRobinson Crusoe / cDaniel Defoe ; adapted by Michael Sandler. aNew York : bScholastic, c2003 a48 pages : bcolored illustration ; c19cm. a450